| 000 | 00747nam a22002297a 4500 | ||
|---|---|---|---|
| 005 | 20240403144247.0 | ||
| 008 | 240403b ||||| |||| 00| 0 eng d | ||
| 020 | _a9789355733962 | ||
| 040 | _cAIMIT LIBRARY | ||
| 050 | _a2nd ed. | ||
| 082 |
_22 _a658.7 _bCOLD |
||
| 100 |
_aCollier, David A. _9158104 |
||
| 245 |
_aOperations and supply chain management / _cBy David A Collier and James R Evans. |
||
| 250 | _a2nd ed. | ||
| 260 |
_aNew Delhi : _bCengage , _c2023. |
||
| 300 |
_axvii,686p. ; _bPB _c28 cm. |
||
| 650 |
_aDesigning operations and supply chains _9158105 |
||
| 650 |
_aManaging operations and supply chains _9158106 |
||
| 650 |
_aSupplements _9158107 |
||
| 700 |
_aEvans, James R. _9158108 |
||
| 942 |
_2ddc _cBK _e2nd _k658.7 COLD |
||
| 999 |
_c230652 _d230652 |
||